Studies on brazilian anophelines from the northeast and Amazon regions (Registro nro. 3672)

Detalles MARC
000 -CABECERA
Campo de control 00376nam a2200145 a 4500
005 - FECHA Y HORA DE LA ULTIMA TRANSACCION
Campo de control 20140312103201.0
008 - ELEMENTOS DE LONGITUD FIJA—INFORMACION GENERAL
Campo de control 140312b1946 ||||| |||| 00| 0 eng d
041 ## - IDIOMA
Código de idioma para texto/pista de sonido o título separado Inglés
090 ## - CLASIFICACIÓN LOCAL
Colección LB
Consecutivo 03447
245 ## - MENCION DE TITULO
Título Studies on brazilian anophelines from the northeast and Amazon regions
260 ## - PUBLICACION, DISTRIBUCION, ETC. (PIE DE IMPRENTA)
Lugar de publicación, distribución, etc. s.l
Fecha de publicación, distribución, etc. 1946
Nombre del editor, distribuidor, etc. s.e.
300 ## - DESCRIPCION FISICA
Extensión 50 p.
942 ## - ELEMENTOS ADICIONALES (KOHA)
Tipo de ítem Impreso
Sistema de clasificación Local
945 ## - PROCESAMIENTO LOCAL
AAAA-MM-DD - Fecha de ingreso o modificacion 2004-02-02
Existencias
Withdrawn status Lost status Sistema de Clasificación Damaged status No para préstamo Colección Inventariado Ubicación Permanente Ubicación actual Fecha de adquisición Fuente de Valor Total Checkouts Número topográfico Inventario / Código de Barras Date last seen Ejemplar Price effective from Forma de adquisición Tipo de material
    Local     Entomología Inventariado 2017 Villa de Leyva Villa de Leyva 02/02/2004 Amazon   LB-03447 015410 04/12/2012 Ej. 1 04/12/2012   Libro